| 000 | 00728cam a22002531 4500 | ||
|---|---|---|---|
| 008 | |||
| 049 | _aMAIN | ||
| 090 | _aQP517.B57 | ||
| 100 | 1 | _aCohen, Georges N. | |
| 245 | 1 | 0 |
_aBiosynthesis of small molecules / _c[by] Georges N. Cohen. |
| 260 |
_aNew York : _bHarper & Row, _cc1967. |
||
| 300 |
_axiii, 108 p. _bill. _c24 cm. |
||
| 440 | 0 | _aModern perspectives in biology | |
| 500 | _aIncludes index | ||
| 504 | _aIncludes bibliographical references. | ||
| 650 | 0 | _aBiosynthesis. | |
| 650 | 2 | _aBiochemistry. | |
| 650 | 2 | _aMetabolism. | |
| 907 |
_a.b10020573 _b09-12-05 _c17-04-03 |
||
| 003 | |||
| 005 | 20230123133136.0 | ||
| 040 | _cNUST | ||
| 942 |
_cBOOKS _kQP517.B57 |
||
| 999 |
_c143480 _d143480 |
||